000 00289nam a22001337a 4500
008 180111b xxu||||| |||| 00| 0 eng d
020 _a9780811432139
041 _aeng
080 _a37
100 _a46
101 _aEDU
245 _aReal-Life English
_cGoldstein,J.A
942 _2udc
_cBK
999 _c40084
_d40084